00514nam a22001697a 450000500170000001000150001702000230003203500140005503700090006908200090007810000180008724500510010526000700015627000950022630000200032170000030034120250416141923.0 aENG-144645 a8188965693c375.00 aEN-128177 bDBAD aN21 aBarakat ,Hoda aThe Tiller Of Waters/cHoda, Barakat.hEnglish aNew DelhibWomen Unlimited (an associate of Kali For Women)c2012 aWomen Unlimited (an associate of Kali For Women) K-36 Hauz Khas EnclavebNew Delhie110016 a200p.c22cm(hb)